Sonia: a Biography / (Record no. 612619)

000 -LEADER
fixed length control field 01524cam a2200277 a 4500
001 - CONTROL NUMBER
control field 13618031
005 - DATE AND TIME OF LATEST TRANSACTION
control field 20250113135021.0
008 - FIXED-LENGTH DATA ELEMENTS--GENERAL INFORMATION
fixed length control field 040324s2003 ii a b 001 0beng
010 ## - LIBRARY OF CONGRESS CONTROL NUMBER
LC control number 2004325134
020 ## - INTERNATIONAL STANDARD BOOK NUMBER
International Standard Book Number 0670049557 (jkt.)
025 ## - OVERSEAS ACQUISITION NUMBER
Overseas acquisition number I-E-2004-325134; 62-92
040 ## - CATALOGING SOURCE
Original cataloging agency DLC
Transcribing agency DLC
082 ## - DEWEY DECIMAL CLASSIFICATION NUMBER
Classification number 347.73,KID
100 1# - MAIN ENTRY--PERSONAL NAME
Personal name Kidwai, Rasheed.
9 (RLIN) 127516
245 10 - TITLE STATEMENT
Title Sonia: a Biography /
Statement of responsibility, etc. Rasheed Kidwai.
260 ## - PUBLICATION, DISTRIBUTION, ETC.
Place of publication, distribution, etc. New Delhi ;
-- New York, NY :
Name of publisher, distributor, etc. Penguin,
Date of publication, distribution, etc. 2003.
300 ## - PHYSICAL DESCRIPTION
Extent x, 240 p. :
Other physical details ill. ;
Dimensions 22 cm.
505 ## - FORMATTED CONTENTS NOTE
Formatted contents note A Tragedy in Sriperumbudur (Page-), The Search for A Successor (Page-8), A Long Journey from Orbassano (Page-24), A Tale of Two Bahus (Page-33), The Prime Minister’s Wife (Page-43), A Tug of War (Page-52), Education Sonia (Page-78), Sonia Takes over the Congress (Page-103), The Favoured Few (Page-117), Sonia’s Faith (Page-129), The New Generation (Page-141), The Rebles (Page-158), The Controversies (Page-172), Sonia the Leader (Page-191), Looking to the Future (Page-205).
520 ## - SUMMARY, ETC.
Summary, etc. On the life and times of Sonia Gandhi, b. 1946; leader of the Congress Party and widow of Rajiv Gandhi, b. 1944, former prime minister of India.
600 10 - SUBJECT ADDED ENTRY--PERSONAL NAME
Personal name Gandhi, Sonia,
Dates associated with a name 1946-
9 (RLIN) 127517
610 20 - SUBJECT ADDED ENTRY--CORPORATE NAME
Corporate name or jurisdiction name as entry element Indian National Congress
Form subdivision Biography.
9 (RLIN) 127518
650 #0 - SUBJECT ADDED ENTRY--TOPICAL TERM
Topical term or geographic name entry element Politicians
Geographic subdivision India
Form subdivision Biography.
9 (RLIN) 5509
650 #0 - SUBJECT ADDED ENTRY--TOPICAL TERM
Topical term or geographic name entry element Prime ministers' spouses
Geographic subdivision India
Form subdivision Biography.
9 (RLIN) 127519
651 #0 - SUBJECT ADDED ENTRY--GEOGRAPHIC NAME
Geographic name India
General subdivision Politics and government
Chronological subdivision 1947-
9 (RLIN) 12045
942 ## - ADDED ENTRY ELEMENTS (KOHA)
Source of classification or shelving scheme
Koha item type Book
Classification part 347.73,KID
Holdings
Withdrawn status Lost status Source of classification or shelving scheme Damaged status Not for loan Permanent Location Current Location Shelving location Date acquired Full call number Barcode Date last seen Price effective from Koha item type Public note
          Military College of Signals (MCS) Military College of Signals (MCS) General Stacks 01/13/2025 347.73,KID MCS38857 01/13/2025 01/13/2025 Book Almirah No.50, Shelf No.6
© 2023 Central Library, National University of Sciences and Technology. All Rights Reserved.